000 00454nam a2200181Ia 4500
001 10831
005 20260306161901.0
008 260306t2016||||xx |||||||||||||| ||spa||
041 _aESP
082 _a973.9
_bM42A
100 _aMenand, Luis
_eAUT
245 0 _aEl club de los metafísicos:
_bhistoria de las ideas en América
260 _c2016
300 _a534 páginas :
_c23 cm.
650 _aGEN
654 _aCHU
942 _cLIB
_dJUS
_fJUS
_2ddc
_n
999 _c10831
_d10831